On the automorphisms of the classical groups

Αποθηκεύτηκε σε:
Λεπτομέρειες βιβλιογραφικής εγγραφής
Κύριος συγγραφέας: Dieudonne, Jean Alexandre 1906-
Μορφή: Βιβλίο
Γλώσσα:English
Δημοσίευση: Providence, Rhode Island : American Mathematical Society, 1951 (1989 printing)
Σειρά:Memoirs of the American Mathematical Society ; ; 2
Θέματα:
Ετικέτες: Προσθήκη ετικέτας
Δεν υπάρχουν, Καταχωρήστε ετικέτα πρώτοι!

MARC

LEADER 00000nam a2200000 i 4500
001 1/43488
008 941103s1989 eng d
020 |a 0-8218-1202-5 
035 |a 1993  |l 10042041 
040 |a GR-MY-UA  |b gre  |e aacr 
041 0 |a eng 
082 0 |a 512.2 
100 1 |a Dieudonne, Jean Alexandre  |d 1906-. 
245 1 0 |a On the automorphisms of the classical groups /  |c Jean Dieudonne ; with a supplement by Loo-Keng Hua 
246 3 3 |a Automorphisms of the classical groups 
260 |a Providence, Rhode Island :   |b American Mathematical Society,   |c 1951 (1989 printing) 
300 |a 122 σ.;  |c 25 εκ. 
490 1 |a Memoirs of the American Mathematical Society  |v ; 2 
504 |a Περιέχει βιβλιογραφικές αναφορές 
650 0 0 |a Group theory. 
830 0 |a Memoirs of the American Mathematical Society ;  |v ; 2 
852 |a INST  |b SAMOS  |e 19941103  |h 512.2 DIE  |p 005300002508  |q 005300002508  |t BK  |y 0 
909 |a Σ  |b 030482